The Muslim discovery of Europe / (Record no. 592681)
[ view plain ]
| 000 -LEADER | |
|---|---|
| fixed length control field | 01192cam a2200265 a 4500 |
| 001 - CONTROL NUMBER | |
| control field | 1843458 |
| 003 - CONTROL NUMBER IDENTIFIER | |
| control field | NUST |
| 005 - DATE AND TIME OF LATEST TRANSACTION | |
| control field | 20221213180457.0 |
| 008 - FIXED-LENGTH DATA ELEMENTS--GENERAL INFORMATION | |
| fixed length control field | 811124s1982 nyua b 001 0 eng |
| 010 ## - LIBRARY OF CONGRESS CONTROL NUMBER | |
| LC control number | 81019009 |
| 020 ## - INTERNATIONAL STANDARD BOOK NUMBER | |
| International Standard Book Number | 0393015297 |
| 040 ## - CATALOGING SOURCE | |
| Original cataloging agency | DLC |
| Transcribing agency | DLC |
| Modifying agency | DLC |
| 043 ## - GEOGRAPHIC AREA CODE | |
| Geographic area code | aw----- |
| -- | e------ |
| 050 00 - LIBRARY OF CONGRESS CALL NUMBER | |
| Classification number | DS63.2.E8 |
| Item number | L48 1982 |
| 082 00 - DEWEY DECIMAL CLASSIFICATION NUMBER | |
| Classification number | 303.4821,LEW |
| Edition number | 19 |
| 100 1# - MAIN ENTRY--PERSONAL NAME | |
| Personal name | Lewis, Bernard, |
| Dates associated with a name | 1916-2018. |
| 9 (RLIN) | 85942 |
| 245 14 - TITLE STATEMENT | |
| Title | The Muslim discovery of Europe / |
| Statement of responsibility, etc. | Bernard Lewis. |
| 250 ## - EDITION STATEMENT | |
| Edition statement | 1st ed. |
| 260 ## - PUBLICATION, DISTRIBUTION, ETC. | |
| Place of publication, distribution, etc. | New York : |
| Name of publisher, distributor, etc. | W.W. Norton, |
| Date of publication, distribution, etc. | c1982. |
| 300 ## - PHYSICAL DESCRIPTION | |
| Extent | 350 p. : |
| Other physical details | ill. ; |
| Dimensions | 24 cm. |
| 505 ## - FORMATTED CONTENTS NOTE | |
| Formatted contents note | Preface (Page-11), Contact and Impact (Page-17), The Muslim View of the World (Page-59), On Language and Translation (Page-71), Media and Intermediaries (page-89), Muslim Scholarship about the West (Page-135), Religion (Page-171), The Economy: Perceptions and Contacts (Page-185), Government and Justice (Page-201), Science and Technology (Page-221), Culture Life (Page-239), Social And Personal (page-279) ,Conclusions (page-295). |
| 651 #0 - SUBJECT ADDED ENTRY--GEOGRAPHIC NAME | |
| Geographic name | Middle East |
| General subdivision | Relations |
| Geographic subdivision | Europe. |
| 9 (RLIN) | 104786 |
| 651 #0 - SUBJECT ADDED ENTRY--GEOGRAPHIC NAME | |
| Geographic name | Europe |
| General subdivision | Relations |
| Geographic subdivision | Middle East. |
| 9 (RLIN) | 104787 |
| 942 ## - ADDED ENTRY ELEMENTS (KOHA) | |
| Source of classification or shelving scheme | |
| Koha item type | Book |
| Call number prefix | 303.4821,LEW |
| Withdrawn status | Lost status | Source of classification or shelving scheme | Damaged status | Not for loan | Permanent Location | Current Location | Shelving location | Date acquired | Total Checkouts | Full call number | Barcode | Date last seen | Price effective from | Koha item type | Public note |
|---|---|---|---|---|---|---|---|---|---|---|---|---|---|---|---|
| Military College of Signals (MCS) | Military College of Signals (MCS) | General Stacks | 12/13/2022 | 303.4821,LEW | MCS37539 | 12/13/2022 | 12/13/2022 | Book | Almirah No.49, Shelf No.1 |
